[Event "It (sheveningen)"]
[Site "masterchessopen.com Budapest (Hungary)"]
[Round "0"]
[White "Molnar Laszlo (HUN)"]
[Black "Lawless David (CAN)"]
[Result "1-0"]
[WhiteElo "2140"]
[BlackElo "2114"]

1.d4 Nf6 2.c4 g6 3.Nf3 Bg7 4.g3 O-O 5.Bg2 d6 6.O-O Nbd7 7.Nc3 e5 8.h3 c6 9.e4
Qb6 10.Rb1 exd4 11.Nxd4 Qb4 12.Nc2 Qxc4 13.Qxd6 Re8 14.Qd1 Nc5 15.Re1 Ncxe4
16.Nxe4 Nxe4 17.Bxe4 Bxh3 18.b3 Qxe4 19.Rxe4 Rxe4 20.Bb2 Rae8 21.Bxg7 Kxg7
22.Ne3 Be6 23.Qd3 f5 24.f3 {#r} 1-0

[Event "It (cat.3)"]
[Site "masterchessopen.com Aars (Denmark)"]
[Round "7"]
[White "Bekker-Jensen David (DEN)"]
[Black "Andersen Jimmy H (DEN)"]
[Result "1-0"]
[WhiteElo "2264"]
[BlackElo "2052"]

1.d4 Nf6 2.c4 g6 3.g3 Bg7 4.Bg2 O-O 5.Nf3 d6 6.Nc3 c6 7.O-O Nbd7 8.e4 e5 9.h3
a5 10.Re1 Re8 11.Rb1 h6 12.Be3 Kh7 13.Qc2 Qe7 14.Rbd1 exd4 15.Nxd4 Nc5 16.Bf4
Nfd7 17.Nb3 Be5 18.Be3 Nxb3 19.axb3 Nc5 20.f4 Bxc3 21.Qxc3 Rd8 22.Bd4 Nd7
23.Qd2 c5 {#r} 1-0

[Event "It (open)"]
[Site "masterchessopen.com Abudhabi (United Arab Emirates)"]
[Round "6"]
[White "Mohamed Hossein (UAE)"]
[Black "Asylguzhin Radik (RUS)"]
[Result "1-0"]
[WhiteElo "2174"]
[BlackElo "2294"]

1.Nf3 d6 2.d4 Nf6 3.c4 g6 4.Nc3 Bg7 5.g3 O-O 6.Bg2 Nbd7 7.O-O e5 8.e4 c6 9.h3
Qe7 10.Re1 h6 11.Be3 Re8 12.Qd2 Kh7 13.Rad1 b6 14.b4 Bb7 15.a3 a5 16.Qb2 axb4
17.axb4 exd4 18.Bxd4 c5 19.bxc5 dxc5 20.Bxf6 Bxf6 21.e5 Nxe5 22.Nxe5 Bxg2
23.Ng4 Qxe1+ 24.Rxe1 Rxe1+ 25.Kxg2 Bg7 26.Qd2 Raa1 27.Nd5 Rg1+ 28.Kf3 Ra3+
29.Ke2 Rga1 30.Ndf6+ {#r} 1-0

[Event "Staatsliga B Mitte 1999/00"]
[Site "masterchessopen.com Austria"]
[Round "5"]
[White "Urankar Hans-Peter (GER)"]
[Black "Enoeckl Philipp (AUT)"]
[Result "1-0"]
[WhiteElo "2218"]
[BlackElo "2292"]

1.g3 Nf6 2.Bg2 g6 3.c4 Bg7 4.Nc3 O-O 5.d4 d6 6.Nf3 Nbd7 7.O-O e5 8.e4 c6 9.h3
a6 10.Be3 Qc7 11.Rc1 Re8 12.Qc2 Qa5 13.a3 b5 14.b4 Qd8 15.Rfd1 Bb7 16.c5 exd4
17.Bxd4 dxc5 18.bxc5 Qe7 19.e5 Nh5 20.Ne4 Nxe5 21.Nxe5 Bxe5 22.Bxe5 Qxe5
23.Nd6 Reb8 24.Nxb7 {#r} 1-0

[Event "It (open)"]
[Site "masterchessopen.com Bad Zwesten (Germany)"]
[Round "1"]
[White "Duncker Joachim (GER)"]
[Black "Becker Michael (GER)"]
[Result "1-0"]
[WhiteElo "2249"]
[BlackElo "2079"]

1.d4 Nf6 2.Nf3 g6 3.g3 Bg7 4.Bg2 O-O 5.O-O d6 6.c4 Nbd7 7.Nc3 c6 8.e4 e5 9.h3
h6 10.Be3 Re8 11.Qc2 Qc7 12.Rad1 exd4 13.Nxd4 Ne5 14.b3 g5 15.f4 gxf4 16.gxf4
Ng6 17.Qf2 Bd7 18.f5 Ne5 19.Qh4 Kh7 20.Nf3 Nxf3+ 21.Rxf3 Rg8 22.Rg3 Rae8
23.Rxg7+ Rxg7 24.Qxh6+ Kg8 25.Qxf6 d5 26.Bd4 Rh7 27.Qg5+ Kf8 28.Bc5+ {#r} 1-0

[Event "Cup Azerbaijan"]
[Site "masterchessopen.com Baku (Azerbaijan)"]
[Round "0"]
[White "Gasimov Ragim (AZE)"]
[Black "Pavlenko Oleg (AZE)"]
[Result "1-0"]
[WhiteElo "2395"]
[BlackElo "2295"]

1.d4 Nf6 2.Nf3 d6 3.c4 Nbd7 4.Nc3 e5 5.g3 g6 6.Bg2 Bg7 7.O-O O-O 8.e4 c6 9.h3
Qe8 10.Be3 exd4 11.Nxd4 Nc5 12.Qc2 Qe7 13.Rfe1 a5 14.Rad1 Be6 15.b3 a4 16.Nxe6
axb3 17.axb3 Nxe6 18.b4 Qc7 19.Qb3 Nd7 20.Kh2 h5 21.f4 h4 22.gxh4 Bh6 23.Ne2
Nf6 {#r} 1-0

[Event "Tournament"]
[Site "masterchessopen.com Besancon (France)"]
[Round "1"]
[White "Harovelo Ingmar (FRA)"]
[Black "Aguettaz Maxime (FRA)"]
[Result "0-1"]
[WhiteElo "2260"]
[BlackElo "2129"]

1.d4 Nf6 2.c4 g6 3.Nc3 Bg7 4.g3 O-O 5.Bg2 d6 6.Nf3 Nbd7 7.O-O e5 8.e4 c6 9.h3
Qc7 10.Be3 Ne8 11.c5 dxc5 12.dxc5 b5 13.Qd2 f5 14.Nxb5 cxb5 15.Qd5+ Kh8
16.Qxa8 f4 17.Bd2 Nef6 18.Nxe5 Nxe5 {#R} 0-1

[Event "It (open)"]
[Site "masterchessopen.com Bethune (France)"]
[Round "0"]
[White "Majcher Bernard (FRA)"]
[Black "Van Maele Richard (FRA)"]
[Result "1-0"]
[WhiteElo "1943"]
[BlackElo "1840"]

1.Nf3 Nf6 2.c4 g6 3.g3 Bg7 4.Bg2 c6 5.O-O O-O 6.d4 d6 7.Nc3 Nbd7 8.e4 e5 9.h3
exd4 10.Nxd4 Ne5 11.Qe2 c5 12.Nc2 Be6 13.b3 a6 14.Bb2 Nc6 15.Rad1 Qc7 16.f4
Nb4 17.Ne3 Nh5 18.Kh2 Rad8 19.a3 Nc6 20.Ncd5 Bxd5 21.Nxd5 Qd7 22.g4 Nd4
23.Bxd4 Nxf4 24.Rxf4 cxd4 25.Nf6+ Bxf6 26.Rxf6 {#r} 1-0

[Event "It (open) \"]
[Site "masterchessopen.com Budapest (Hungary)"]
[Round "8"]
[White "Yu Mingyuan (CHN)"]
[Black "Schreiber Bela (HUN)"]
[Result "1-0"]
[WhiteElo "2319"]
[BlackElo "2195"]

1.d4 Nf6 2.Nf3 g6 3.c4 Bg7 4.g3 O-O 5.Bg2 d6 6.O-O Nbd7 7.Nc3 c6 8.h3 e5 9.e4
exd4 10.Nxd4 Re8 11.Be3 Nc5 12.Qc2 Qe7 13.Rfe1 Ncxe4 14.Bg5 d5 15.cxd5 cxd5
16.Nxd5 Qd6 17.Bxf6 Bxf6 18.Rxe4 Bxd4 19.Rxe8+ {#r} 1-0

[Event "It"]
[Site "masterchessopen.com Buenos Aires (Argentina)"]
[Round "6"]
[White "Lida Garcia Fernando (ARG)"]
[Black "Bonaldi Pablo (ARG)"]
[Result "1-0"]
[WhiteElo "2187"]
[BlackElo "2275"]

1.Nf3 Nf6 2.g3 g6 3.c4 Bg7 4.Nc3 O-O 5.Bg2 d6 6.d4 c6 7.O-O Nbd7 8.e4 e5 9.h3
Qe7 10.Be3 Ne8 11.d5 c5 12.Qd2 f5 13.Rae1 Ndf6 14.Bh6 Bxh6 15.Qxh6 Rb8 16.Nd2
Nh5 17.exf5 Bxf5 18.Qe3 Bd7 19.f4 Neg7 20.g4 Qh4 21.fxe5 dxe5 22.gxh5 Nxh5
23.Nf3 Qg3 24.Ne2 Rxf3 25.Nxg3 Rxg3 26.Qxe5 {#r} 1-0

[Event "It (open)"]
[Site "masterchessopen.com Dunedin (New Zealand)"]
[Round "1"]
[White "Dive Russell John (NZL)"]
[Black "Mcnabb Matthew David (NZL)"]
[Result "1-0"]
[WhiteElo "2448"]
[BlackElo "2069"]

1.d4 Nf6 2.c4 g6 3.Nf3 Bg7 4.g3 O-O 5.Bg2 d6 6.O-O Nbd7 7.Nc3 c6 8.e4 e5 9.h3
Qb6 10.d5 cxd5 11.cxd5 Qd8 12.Ne1 Nh5 13.Nd3 Nc5 14.Nxc5 dxc5 15.Be3 b6 16.Qe2
a5 17.Rfd1 Ba6 18.Nb5 a4 19.Bf1 Qd7 20.Qc4 a3 21.Rab1 f5 22.d6+ Kh8 23.Bg5
fxe4 24.bxa3 Rf3 25.Bg2 Rxa3 26.Qxe4 Bxb5 27.Rxb5 Qxb5 28.d7 Bf6 29.Bxf6+ Nxf6
30.Qxe5 {#r} 1-0

[Event "Cup Germany (team)"]
[Site "masterchessopen.com Germany"]
[Round "0"]
[White "Hansen Curt (DEN)"]
[Black "Kunze Carlo (GER)"]
[Result "1-0"]
[WhiteElo "2607"]
[BlackElo "2356"]

1.c4 Nf6 2.Nc3 g6 3.g3 Bg7 4.Bg2 O-O 5.d4 d6 6.Nf3 Nbd7 7.O-O e5 8.e4 c6 9.h3
exd4 10.Nxd4 Re8 11.b3 Nc5 12.Re1 Qb6 13.Be3 a5 14.Rb1 Qb4 15.Ndb5 cxb5
16.Nxb5 Nfxe4 17.a3 Qxb5 18.cxb5 Nc3 19.Bxc5 {#r} 1-0

[Event "Ch World (seniors)"]
[Site "masterchessopen.com Gladenbach (Germany)"]
[Round "9"]
[White "Wilke Dieter Dr (GER)"]
[Black "Jakoby Hans (GER)"]
[Result "1-0"]
[WhiteElo "2124"]
[BlackElo "1997"]

1.d4 Nf6 2.Nf3 d6 3.g3 g6 4.Bg2 Bg7 5.O-O O-O 6.c4 Nbd7 7.Nc3 c6 8.e4 e5 9.h3
Nh5 10.Be3 h6 11.d5 c5 12.Qd2 Kh7 13.g4 Nf4 14.Bxf4 exf4 15.Qxf4 f5 16.exf5
gxf5 17.Qxd6 fxg4 18.hxg4 Be5 19.Nxe5 Rf6 20.Nf7 Rxf7 21.Rae1 Qh4 22.Qg3 Qxg3
23.fxg3 Rxf1+ 24.Bxf1 Nf6 25.Bd3+ Kg8 26.Bf5 Bd7 27.Bxd7 Nxd7 28.Re7 Rd8
29.Ne4 b6 30.Rxd7 {#r} 1-0

[Event "It (open)"]
[Site "masterchessopen.com Groningen (Netherlands)"]
[Round "1"]
[White "Niklasch Oliver (GER)"]
[Black "Molinari Gabriel (NED)"]
[Result "1-0"]
[WhiteElo "2363"]
[BlackElo "2211"]

1.d4 Nf6 2.c4 g6 3.g3 Bg7 4.Bg2 O-O 5.Nc3 d6 6.Nf3 Nbd7 7.O-O e5 8.h3 c6 9.e4
Qe7 10.b3 Rd8 11.Ba3 exd4 12.Nxd4 Nf8 13.Re1 Ne6 14.Nxe6 Bxe6 15.e5 Ne8
16.exd6 Qd7 17.Ne4 Bxa1 18.Qxa1 Bxh3 19.Qc3 f6 20.Bb2 Qf5 21.Bxh3 Qxh3
22.Nxf6+ {#r} 1-0

[Event "Tournament"]
[Site "masterchessopen.com Kastel Stari (Croatia)"]
[Round "3"]
[White "Bulat Ante (CRO)"]
[Black "Ljubicic Filip (CRO)"]
[Result "0-1"]
[WhiteElo "2318"]
[BlackElo "2370"]

1.Nf3 d6 2.d4 g6 3.g3 Bg7 4.Bg2 Nf6 5.O-O O-O 6.c4 Nbd7 7.Nc3 e5 8.h3 c6 9.e4
Qe7 10.Re1 Ne8 11.b4 exd4 12.Nxd4 Ne5 13.Bf1 Be6 14.f4 Bxc4 15.fxe5 Qxe5
16.Re3 Bxf1 17.Nf3 Qxg3+ 18.Kxf1 Qxh3+ 19.Ke2 Nf6 20.Kd3 Ng4 21.Qe2 Nxe3
22.Bxe3 f5 23.Ng5 fxe4+ 24.Kc2 Qf5 25.Rh1 h6 26.Nh3 Qf3 {#R} 0-1

[Event "Ch City"]
[Site "masterchessopen.com Korolev (Russia)"]
[Round "1"]
[White "Gansvind Igor I (EST)"]
[Black "Bolgov Alexander (RUS)"]
[Result "1-0"]
[WhiteElo "2285"]
[BlackElo "2097"]

1.d4 Nf6 2.Nf3 g6 3.g3 Bg7 4.Bg2 O-O 5.c4 d6 6.Nc3 Nbd7 7.O-O e5 8.h3 c6 9.e4
Qb6 10.d5 Nc5 11.Re1 a5 12.Rb1 cxd5 13.cxd5 Bd7 14.Be3 Qd8 15.Bxc5 dxc5
16.Nxe5 Nxe4 17.Rxe4 Bf5 18.Nc4 Bxe4 19.Bxe4 f5 20.Bf3 f4 21.Kg2 b5 22.Nxb5
Rb8 23.a4 g5 24.Qd3 fxg3 25.fxg3 h5 26.Bxh5 Bd4 27.Bf3 g4 28.Qg6+ Kh8 29.hxg4
{#r} 1-0

[Event "It (open)"]
[Site "masterchessopen.com Lienz (Austria)"]
[Round "0"]
[White "Mueller Anton (SUI)"]
[Black "Mazi Leon (SLO)"]
[Result "0-1"]
[WhiteElo "1994"]
[BlackElo "2387"]

1.d4 Nf6 2.Nf3 g6 3.c4 Bg7 4.g3 O-O 5.Bg2 d6 6.O-O Nbd7 7.Nc3 e5 8.e4 c6 9.h3
Re8 10.d5 cxd5 11.cxd5 Nc5 12.Re1 a5 13.b3 b5 14.Qc2 Ba6 15.Bf1 Qd7 16.Kh2
Rec8 17.Qb1 b4 18.Bxa6 Rxa6 19.Nd1 Ncxe4 20.Rxe4 Rxc1 21.Qxc1 Nxe4 22.Qc4 Nc5
23.Rc1 Ra8 24.Ne3 h6 25.Ng4 Re8 26.Re1 Rc8 27.Rc1 Kh7 28.Kg2 f5 29.Ne3 e4
30.Nd4 Bxd4 31.Qxd4 Nxb3 {#R} 0-1

[Event "It (open)"]
[Site "masterchessopen.com Linares (Spain)"]
[Round "5"]
[White "Gaprindashvili Valeriane (GEO)"]
[Black "Shah Pallavi G (IND)"]
[Result "1-0"]
[WhiteElo "2390"]
[BlackElo "2174"]

1.d4 Nf6 2.c4 g6 3.g3 Bg7 4.Bg2 O-O 5.Nc3 d6 6.Nf3 Nbd7 7.O-O e5 8.h3 c6 9.e4
a6 10.Be3 exd4 11.Nxd4 Re8 12.Qc2 Ne5 13.b3 Qa5 14.Rfd1 c5 15.Nde2 b5 16.f4
Ned7 17.e5 Rb8 18.exf6 Bxf6 19.Qd2 b4 20.Ne4 Bxa1 21.Rxa1 Qc7 22.Rd1 Re6 23.f5
gxf5 24.Nxd6 Ne5 25.Nf4 {#r} 1-0

[Event "It (open) (juniors)"]
[Site "masterchessopen.com Malme (Sweden)"]
[Round "3"]
[White "Rylander Dennis (SWE)"]
[Black "Rosell Tomas (SWE)"]
[Result "1-0"]
[WhiteElo "2150"]
[BlackElo "2149"]

1.d4 Nf6 2.c4 g6 3.Nc3 Bg7 4.g3 O-O 5.Bg2 d6 6.Nf3 Nbd7 7.O-O e5 8.e4 c6 9.h3
Qb6 10.c5 dxc5 11.dxe5 Ne8 12.Bg5 Nc7 13.Na4 Qa6 14.Be7 Re8 15.Nxc5 Nxc5
16.Bxc5 Ne6 17.Be3 c5 18.Qc2 Bd7 19.Rfd1 Bc6 20.Rd6 Bf8 21.Rad1 Bxd6 22.exd6
Qxa2 23.Qc3 Rad8 24.Ne5 Ba4 25.Ng4 h5 26.Nf6+ Kf8 27.Bh6+ Ng7 28.Nh7+ {#r} 1-0

[Event "Ch Moscow"]
[Site "masterchessopen.com Moscow (Russia)"]
[Round "6"]
[White "Rustemov Alexander (RUS)"]
[Black "Moizhess Igor (RUS)"]
[Result "1-0"]
[WhiteElo "2573"]
[BlackElo "2400"]

1.d4 Nf6 2.c4 g6 3.Nf3 Bg7 4.g3 O-O 5.Bg2 d6 6.Nc3 Nbd7 7.O-O e5 8.e4 c6 9.h3
exd4 10.Nxd4 Qb6 11.Nc2 Ne5 12.b3 Ne8 13.Ne3 f5 14.Rb1 Qd8 15.exf5 gxf5 16.Ne2
Ng6 17.Nc2 a5 18.Nf4 a4 19.Nd4 axb3 20.axb3 Nxf4 21.Bxf4 Be5 22.Nxc6 bxc6
23.Bxe5 {#r} 1-0

[Event "Cup Russia (open)"]
[Site "masterchessopen.com Moscow (Russia)"]
[Round "1"]
[White "Burmakin Vladimir (RUS)"]
[Black "Ageichenko Genadi A (RUS)"]
[Result "1-0"]
[WhiteElo "2579"]
[BlackElo "2332"]

1.d4 Nf6 2.c4 g6 3.g3 Bg7 4.Bg2 O-O 5.Nc3 d6 6.Nf3 Nbd7 7.O-O e5 8.h3 c6 9.e4
exd4 10.Nxd4 Re8 11.Be3 Nc5 12.Qc2 a5 13.Rad1 Nfd7 14.Nb3 Qc7 15.Bd4 Ne5
16.Nxc5 dxc5 17.Bxc5 Nxc4 18.b3 b6 19.Bd4 Na3 20.Qc1 Bxd4 21.Rxd4 Qe5 22.Rfd1
Nb5 23.Nxb5 Qxb5 24.e5 Re6 25.Qh6 Bb7 26.Rh4 Qxe5 27.Qxh7+ Kf8 28.Rd7 Re7
29.Qh8+ {#r} 1-0

[Event "Ch Chess Club"]
[Site "masterchessopen.com Nassau (USA)"]
[Round "3"]
[White "Dolgitser Konstantin (USA)"]
[Black "Luchan Jason (USA)"]
[Result "1-0"]
[WhiteElo "2262"]
[BlackElo "2120"]

1.Nf3 Nf6 2.c4 d6 3.d4 g6 4.g3 Bg7 5.Bg2 O-O 6.O-O Nbd7 7.Nc3 e5 8.e4 c6 9.h3
Qb6 10.c5 dxc5 11.dxe5 Ne8 12.e6 fxe6 13.Ng5 Nc7 14.f4 Bd4+ 15.Kh2 Qa6 16.e5
Nb6 17.Be4 Bd7 18.Nxh7 Kg7 19.Nxf8 Rxf8 20.Bd3 c4 21.Bxg6 Kxg6 22.Qxd4 Nbd5
23.Bd2 b5 24.Ne4 Be8 25.Nd6 Qa4 26.f5+ {#r} 1-0

[Event "It (open)"]
[Site "masterchessopen.com Navalmoral (Spain)"]
[Round "3"]
[White "Suba Mihai (ROM)"]
[Black "Cabezas Ayala Ivan (ESP)"]
[Result "1-0"]
[WhiteElo "2509"]
[BlackElo "2256"]

1.Nf3 Nf6 2.c4 g6 3.g3 Bg7 4.Bg2 O-O 5.O-O d6 6.Nc3 e5 7.d4 Nbd7 8.h3 c6 9.e4
a6 10.Re1 Rb8 11.a3 b5 12.c5 dxc5 13.dxe5 Ne8 14.Bg5 Qc7 15.Be7 Nxe5 16.Bxf8
Kxf8 17.Nxe5 Bxe5 18.f4 Bd4+ 19.Kh2 Nd6 20.Re2 Nc4 21.Qc1 h5 22.Nd1 h4 23.gxh4
Qd8 24.Kg3 Bf6 25.Bf3 Bxh4+ 26.Kg2 Qd7 27.Nf2 Bxf2 28.Rxf2 Qd4 29.Kg3 Qd7
30.Rh2 {#r} 1-0

[Event "Ch World (juniors) (under 16)"]
[Site "masterchessopen.com Oropesa (Spain)"]
[Round "4"]
[White "Neiksans Arturs (LAT)"]
[Black "Jones Richard (ENG)"]
[Result "1-0"]
[WhiteElo "2378"]
[BlackElo "2044"]

1.d4 Nf6 2.c4 g6 3.Nf3 Bg7 4.g3 O-O 5.Bg2 d6 6.O-O Nbd7 7.Nc3 e5 8.h3 c6 9.e4
Qb6 10.Re1 exd4 11.Nxd4 Ng4 12.Nce2 Nge5 13.b3 c5 14.Nc2 Nc6 15.Rb1 Re8 16.Bb2
Bxb2 17.Rxb2 Nf6 18.Nc3 Qa5 19.Qd2 a6 20.Ne3 Be6 21.Ne2 Qc7 22.Qc3 Nd7 23.f4
f6 24.Rd2 Bf7 25.Red1 b5 26.Ng4 {#r} 1-0

[Event "It (open)"]
[Site "masterchessopen.com Paris (France)"]
[Round "5"]
[White "Amadou David (FRA)"]
[Black "Blanchard Guy (FRA)"]
[Result "1-0"]
[WhiteElo "2140"]
[BlackElo "2059"]

1.Nf3 Nf6 2.g3 g6 3.Bg2 Bg7 4.O-O O-O 5.c4 d6 6.d4 Nbd7 7.Nc3 c6 8.e4 e5 9.h3
exd4 10.Nxd4 a5 11.Be3 Re8 12.Re1 Nc5 13.Qc2 Nfd7 14.b3 h5 15.Rab1 Ne5 16.Red1
Qe7 17.a3 Na6 18.Na4 Nd7 19.b4 axb4 20.axb4 Nxb4 21.Rxb4 c5 22.Rbb1 cxd4
23.Bxd4 Nc5 24.Nb6 Rb8 25.Nd5 Qd8 26.Qb2 Bxd4 27.Qxd4 Re6 28.Nf4 Re5 29.Qxe5
{#r} 1-0

[Event "Ch Croatia (open)"]
[Site "masterchessopen.com Pula (Croatia)"]
[Round "7"]
[White "Macek Vlasta (CRO)"]
[Black "Vidovic Ante (CRO)"]
[Result "1-0"]
[WhiteElo "2199"]
[BlackElo "2080"]

1.d4 Nf6 2.Nf3 g6 3.g3 Bg7 4.Bg2 O-O 5.O-O d6 6.c4 Nbd7 7.Nc3 e5 8.e4 c6 9.h3
exd4 10.Nxd4 a5 11.Be3 Re8 12.Qc2 Nc5 13.Rfe1 a4 14.Rad1 Qa5 15.Bf4 a3 16.b3
Nfxe4 17.Nxe4 Be5 18.Nf5 gxf5 19.Bd2 {#r} 1-0

[Event "Ch Romania (team)"]
[Site "masterchessopen.com Romania"]
[Round "2"]
[White "Raceanu Valentin (ROM)"]
[Black "Nacu Miron (ROM)"]
[Result "1-0"]
[WhiteElo "2293"]
[BlackElo "2170"]

1.d4 Nf6 2.c4 g6 3.Nc3 Bg7 4.Nf3 O-O 5.g3 d6 6.Bg2 Nbd7 7.O-O e5 8.e4 c6 9.h3
Qb6 10.c5 dxc5 11.dxe5 Ne8 12.Be3 Nxe5 13.Nxe5 Qxb2 14.Nc4 Qxc3 15.Rc1 Qf6
16.Bxc5 h5 17.e5 Qf5 18.Qd8 Qe6 19.Rfe1 b6 20.Bxf8 Bxf8 21.Red1 Kg7 22.Nd6 Bb7
23.Nxe8+ Qxe8 24.Qf6+ Kg8 25.Bxc6 Bxc6 26.Qxc6 Bc5 27.Qxe8+ Rxe8 28.Rd5 {#r}
1-0

[Event "It (b)"]
[Site "masterchessopen.com Spain"]
[Round "2"]
[White "Adla Diego (ARG)"]
[Black "Guerrero Alvarez Rafael (ESP)"]
[Result "1-0"]
[WhiteElo "2470"]
[BlackElo "2240"]

1.d4 Nf6 2.c4 g6 3.g3 Bg7 4.Bg2 O-O 5.Nc3 c6 6.e4 d6 7.Nf3 Nbd7 8.O-O e5 9.h3
Re8 10.d5 cxd5 11.cxd5 Nc5 12.Re1 a5 13.Bf1 h6 14.Nd2 a4 15.Rb1 Rf8 16.b4 axb3
17.axb3 Bd7 18.Nc4 Ne8 19.Be3 Qc7 20.b4 Na4 21.Nxa4 Bxa4 22.Qd2 Nf6 23.Bxh6
Bxh6 24.Qxh6 Bc2 25.Rbc1 Ra2 26.Ne3 {#r} 1-0

[Event "Ch Sweden (team) 1998/99"]
[Site "masterchessopen.com Sweden"]
[Round "8"]
[White "Pepic Rizo (SRB)"]
[Black "Jansson Anders O (SWE)"]
[Result "1-0"]
[WhiteElo "2270"]
[BlackElo "2137"]

1.d4 Nf6 2.Nf3 g6 3.g3 Bg7 4.Bg2 O-O 5.O-O d6 6.c4 Nbd7 7.Nc3 e5 8.e4 c6 9.h3
Qb6 10.dxe5 dxe5 11.Qc2 Re8 12.Be3 Qc7 13.c5 Bf8 14.b4 b6 15.Na4 bxc5 16.bxc5
Ba6 17.Rfc1 Rab8 18.Nd2 Rb4 19.Nb2 Reb8 20.Nb3 Re8 21.g4 Be7 22.Qc3 Rbb8
23.Nc4 h5 24.f3 Rf8 25.Rc2 hxg4 26.hxg4 Ne8 27.Bf1 Ng7 28.Rd1 Rbd8 29.Qa5 Qxa5
30.Ncxa5 Bxf1 31.Nxc6 {#r} 1-0

[Event "Cup Russia (open)"]
[Site "masterchessopen.com Tula (Russia)"]
[Round "5"]
[White "Donchenko Anatoly G (GER)"]
[Black "Ovetchkin Roman (RUS)"]
[Result "1-0"]
[WhiteElo "2413"]
[BlackElo "2505"]

1.d4 Nf6 2.Nf3 g6 3.g3 Bg7 4.Bg2 O-O 5.O-O c6 6.c4 d6 7.Nc3 Nbd7 8.e4 e5 9.h3
Re8 10.d5 Nc5 11.Ne1 cxd5 12.cxd5 Bd7 13.Nd3 b5 14.Be3 Nxd3 15.Qxd3 Qb8 16.b4
Rc8 17.Rfc1 a5 18.Rab1 Rc4 19.bxa5 Qc8 20.a4 Rxa5 21.axb5 Bxb5 22.Nxb5 Rxb5
23.Rxb5 Rxc1+ 24.Bxc1 Qxc1+ 25.Kh2 Nd7 26.Rb7 Qc8 27.Qb5 Nf8 28.Qb6 Qc2 29.Qa7
{#r} 1-0

[Event "It (open) (w)"]
[Site "masterchessopen.com Warsaw (Poland)"]
[Round "0"]
[White "Reizniece Dana (LAT)"]
[Black "Lysiak-Poltorak Magdalena (POL)"]
[Result "1-0"]
[WhiteElo "2294"]
[BlackElo "2068"]

1.c4 Nf6 2.Nc3 g6 3.Nf3 Bg7 4.g3 O-O 5.Bg2 d6 6.O-O e5 7.d4 Nbd7 8.h3 c6 9.e4
Qb6 10.c5 dxc5 11.dxe5 Ne8 12.e6 fxe6 13.Ng5 Bxc3 14.bxc3 Ng7 15.Qd6 Nf6
16.Be3 Rd8 17.Qe7 Nd7 18.Nxe6 Nxe6 19.Qxe6+ Kh8 20.Rad1 Qa5 21.Bf4 Qxc3
22.Rxd7 {#r} 1-0

[Event "Cup Zemplen (open)"]
[Site "masterchessopen.com Zemplen (Hungary)"]
[Round "0"]
[White "Berebora Ferenc (HUN)"]
[Black "Hlinka Michal (SVK)"]
[Result "0-1"]
[WhiteElo "2368"]
[BlackElo "2207"]

1.c4 Nf6 2.Nc3 g6 3.g3 Bg7 4.Bg2 d6 5.d4 O-O 6.Nf3 Nbd7 7.O-O e5 8.e4 c6 9.h3
Re8 10.Re1 exd4 11.Nxd4 Nc5 12.Bf4 a5 13.Qd2 Qc7 14.Rad1 Nfd7 15.b3 Ne5 16.Qc2
Ne6 17.Be3 Nxd4 18.Bxd4 c5 19.Be3 Qe7 20.Nb5 Ra6 21.f4 Nd7 22.Nc7 Nf6 23.Nxe8
Nxe8 24.Kh2 h5 25.Bf2 b6 26.Qd3 Ra7 27.e5 dxe5 28.Qd8 Be6 29.Bc6 Kf8 30.Qxb6
{#R} 0-1

[Event "It (open) \"]
[Site "masterchessopen.com Feffernitz (Austria)"]
[Date "1999.08.18"]
[Round "4"]
[White "Mitter Gerd (AUT)"]
[Black "Kock Hans-Uwe (LIE)"]
[Result "0-1"]
[WhiteElo "2261"]
[BlackElo "2182"]

1.Nf3 Nf6 2.c4 g6 3.g3 Bg7 4.Bg2 O-O 5.O-O d6 6.d4 c6 7.Nc3 Nbd7 8.e4 e5 9.h3
Qe7 10.Re1 Ne8 11.Be3 f5 12.exf5 gxf5 13.dxe5 dxe5 14.Qc2 Nc7 15.Rad1 Ne6
16.Kh2 e4 17.Nd4 Ne5 18.Nxe4 Nxd4 19.Bxd4 fxe4 20.Qxe4 Bf5 21.Qe3 Rfe8 22.g4
Bxg4 23.Bxe5 Bxe5+ 24.f4 Bxd1 25.fxe5 Bh5 {#R} 0-1

[Event "It (open) \"]
[Site "masterchessopen.com Swansea (Wales)"]
[Date "1999.09.10"]
[Round "1"]
[White "Cobb James (WLS)"]
[Black "May Adam J"]
[Result "1-0"]
[WhiteElo "2349"]
[BlackElo "1852"]

1.Nf3 Nf6 2.d4 g6 3.g3 Bg7 4.Bg2 O-O 5.O-O d6 6.c4 Nbd7 7.Nc3 e5 8.h3 c6 9.e4
Qb6 10.Re1 exd4 11.Na4 Qc7 12.Nxd4 Re8 13.Bf4 Nh5 14.Be3 Ne5 15.Rc1 a6 16.g4
Nf6 17.g5 Nh5 18.f4 c5 19.Nf5 Nc6 20.Qxd6 Qa5 21.Nxg7 Kxg7 22.b3 Be6 23.Qxc5
Qc7 24.Nb6 Rad8 25.Nd5 {#r} 1-0

[Event "It (open)"]
[Site "masterchessopen.com Bad Wiessee (Germany)"]
[Round "8"]
[White "Schuette Manfred (GER)"]
[Black "Oettinger Hagen (GER)"]
[Result "1-0"]
[WhiteElo "2265"]
[BlackElo "2159"]

1.c4 Nf6 2.Nc3 g6 3.g3 Bg7 4.Bg2 O-O 5.d4 d6 6.Nf3 Nbd7 7.O-O c6 8.e4 e5 9.h3
Re8 10.Re1 Qb6 11.d5 cxd5 12.cxd5 Nc5 13.Rb1 a5 14.Be3 a4 15.Bxc5 Qxc5 16.Nxa4
Qb4 17.Nc3 Bd7 18.Qd3 Nh5 19.Bf1 Bh6 20.Nd2 f5 21.Nc4 b5 22.Nb6 {#r} 1-0

[Event "Ch Spain"]
[Site "masterchessopen.com Barcelona (Spain)"]
[Round "5"]
[White "Comas Fabrego Lluis (ESP)"]
[Black "Martinez Martin David (ESP)"]
[Result "1-0"]
[WhiteElo "2516"]
[BlackElo "2283"]

1.d4 Nf6 2.Nf3 g6 3.c4 Bg7 4.g3 O-O 5.Bg2 d6 6.O-O Nbd7 7.Nc3 e5 8.e4 c6 9.h3
Qb6 10.c5 dxc5 11.dxe5 Ne8 12.e6 fxe6 13.Ng5 Ne5 14.f4 h6 15.fxe5 Rxf1+
16.Qxf1 hxg5 17.Bxg5 Bxe5 18.Qf3 Qxb2 19.Rf1 Ng7 20.Qf7+ Kh7 21.Bf6 Bxf6 22.e5
Qxc3 23.exf6 Qd4+ 24.Kh1 Qd7 25.Qf8 {#r} 1-0

[Event "It (open)"]
[Site "masterchessopen.com Biel (Switzerland)"]
[Round "8"]
[White "Jurek Josef (CZE)"]
[Black "Roiz Michael (ISR)"]
[Result "0-1"]
[WhiteElo "2329"]
[BlackElo "2440"]

1.d4 Nf6 2.Nf3 g6 3.c4 Bg7 4.g3 O-O 5.Bg2 d6 6.Nc3 Nbd7 7.O-O e5 8.e4 c6 9.h3
Qa5 10.Re1 exd4 11.Nxd4 Re8 12.Be3 Ne5 13.Bf1 Be6 14.Nxe6 Rxe6 15.f4 Nxe4
16.fxe5 Nxg3 17.exd6 Rxe3 18.Rxe3 Qc5 19.Qd3 Nf5 20.Nd1 Bd4 21.Kf2 Rd8 22.Kf3
Qxd6 23.Qe4 Qg3+ 24.Ke2 Bxe3 25.Nxe3 Qh2+ 26.Qg2 Qe5 {#R} 0-1